<?xml version="1.0" encoding="UTF-8"?>
<collection xmlns="http://www.loc.gov/MARC21/slim">
<record>
  <controlfield tag="001">4166</controlfield>
  <controlfield tag="005">20190405155103.0</controlfield>
  <datafield tag="037" ind1=" " ind2=" ">
    <subfield code="a">SEMIN-2019-0019</subfield>
  </datafield>
  <datafield tag="100" ind1=" " ind2=" ">
    <subfield code="a">Dolla, Laurent</subfield>
  </datafield>
  <datafield tag="245" ind1=" " ind2=" ">
    <subfield code="a">Hinode/EIS measurements of the preferential heating of minor ions in the low corona to test the role of different wave-particle mechanisms</subfield>
  </datafield>
  <datafield tag="260" ind1=" " ind2=" ">
    <subfield code="c">2019</subfield>
  </datafield>
  <datafield tag="269" ind1=" " ind2=" ">
    <subfield code="c">2019-01-18</subfield>
  </datafield>
  <datafield tag="520" ind1=" " ind2=" ">
    <subfield code="a">Preferential heating of minor, heavy ions has long been observed in the solar wind, both through in situ measurements from 0.3 to several Astronomical Unit and through remote-sensing observation closer to the Sun (up to a few solar radii). Wave-particle interactions (e.g. non-adiabatic acceleration by kinetic Alfvén waves, resonant interaction with ion-cyclotron waves...) are likely candidates to explain this heating, and could contribute to the heating of the solar corona and acceleration of the fast solar wind. As each kind of wave-particle interaction leads to different heating rates as a function of the ion charge-to-mass ratio (q/m), the analysis of the ion temperatures of different minor ions of the corona is a key to solve the heating and acceleration mechanisms of the fast solar wind. We extended the work of Dolla et al. (2008, 2009) by using the Hinode/EIS spectrometer to measure the spectral line widths of coronal ions the  above the solar limb. From the line widths we then derive the width of the kinetic distributions averaged along the line of sight, which is a combination of the ion temperature and any plasma motion like those induced by MHD waves. Our results confirm the trend of preferential heating of the ions: the lower the q/m, the higher the temperature. We compare this trend in coronal holes and quiet Sun regions and we also compare the temperatures of minor ions with those of the protons (as deduced from the asymptotic limit of the temperature at largest q/m) and of the electrons. </subfield>
  </datafield>
  <datafield tag="536" ind1=" " ind2=" ">
    <subfield code="a">PEA/</subfield>
    <subfield code="c">4000120800 /</subfield>
    <subfield code="f">4000120800 </subfield>
  </datafield>
  <datafield tag="594" ind1=" " ind2=" ">
    <subfield code="a">STCE</subfield>
  </datafield>
  <datafield tag="773" ind1=" " ind2=" ">
    <subfield code="t">ROB</subfield>
  </datafield>
  <datafield tag="856" ind1="0" ind2=" ">
    <subfield code="f">laurent.dolla@observatoire.be</subfield>
  </datafield>
  <datafield tag="980" ind1=" " ind2=" ">
    <subfield code="a">SEMIN</subfield>
  </datafield>
</record>
</collection>